000 00482nam a2200169 a 4500
001 9759
005 20180713193801.0
008 140415s1992 mx 000 0 spa d
041 _aspa
082 _a302.298
_bFUE
100 1 _aFuentes N., Raúl,.
245 1 3 _aUN CAMPO CARGADO DE FUTURO :
_bEL ESTUDIO DE LA COMUNICACION EN AMERICA LATINA
250 _a1a ed.
260 _aMEXICO :
_bCONEICC,
_c1992
300 _a285
650 1 4 _aCOMUNICACION
_xAMERICA LATINA
999 _c9759
_d9759